| 000 | 00800 a2200181 4500 | ||
|---|---|---|---|
| 003 | Nust | ||
| 005 | 20221202120940.0 | ||
| 020 | _a8120325966 | ||
| 040 | _cNust | ||
| 082 | _a621.38153,KUM | ||
| 100 |
_aA.Anand Kumar _9103785 |
||
| 245 |
_aPulse & digital circuits / _cA.Anand Kumar |
||
| 260 |
_aNew Delhi _bPrentice-hall _c2004 |
||
| 300 | _axii , 467p | ||
| 505 | _aLinear Wave Shaping (Page-1), Clipping Circuits (Page-81), Clamping Circuits (Page-118), Switching Characteristics of Devices (Page-151), Multivibrators (Page-176), Negative-Resistance Devices And Circuits (Page-274), Time base Generators (Page-309), Blocking Oscillators (Page-363), Sampling Gates (Page-385), Synchronization and Frequency Division (Page-408). | ||
| 650 | _aTelecommunication Engineering | ||
| 942 |
_2ddc _cBK |
||
| 999 |
_c190617 _d190617 |
||